MARC details
| 000 -LEADER |
| campo de control de longitud fija |
02764nam a2200433 i 4500 |
| 001 - NÚMERO DE CONTROL |
| campo de control |
194228 |
| 003 - IDENTIFICADOR DE NÚMERO DE CONTROL |
| campo de control |
SpMaBN |
| 005 - FECHA Y HORA DE LA ÚLTIMA TRANSACCIÓN |
| campo de control |
20250804062659.0 |
| 007 - CAMPO FIJO DE DESCRIPCIÓN FÍSICA--INFORMACIÓN GENERAL |
| campo de control de longitud fija |
ta |
| 008 - DATOS DE LONGITUD FIJA--INFORMACIÓN GENERAL |
| campo de control de longitud fija |
240418s2011 sp | |||| 000 f spa |
| 017 ## - NÚMERO DE COPYRIGHT O DE DEPÓSITO LEGAL |
| Número de copyright o de depósito legal |
B 31922-2010 |
| Agencia que asigna |
Oficina Depósito Legal Barcelona |
| 020 ## - NÚMERO INTERNACIONAL ESTÁNDAR DEL LIBRO |
| Número Internacional Estándar del Libro |
9788481099034 |
| 035 ## - NÚMERO DE CONTROL DEL SISTEMA |
| Número de control de sistema |
(OCoLC)796314910 |
| 035 ## - NÚMERO DE CONTROL DEL SISTEMA |
| Número de control de sistema |
a5119303 |
| 040 ## - FUENTE DE CATALOGACIÓN |
| Centro catalogador/agencia de origen |
SpMaBN |
| Lengua de catalogación |
spa |
| Centro/agencia transcriptor |
SpMaBN |
| Normas de descripción |
rdc |
| Centro/agencia modificador |
ES-MaACL |
| 080 ## - NÚMERO DE LA CLASIFICACIÓN DECIMAL UNIVERSAL |
| Número de la Clasificación Decimal Universal |
821.111(73)-31"19" |
| 100 1# - ENTRADA PRINCIPAL--NOMBRE DE PERSONA |
| Nombre de persona |
Robinson, Marilynne, |
| Fechas asociadas al nombre |
1943- |
| Número de control del registro de autoridad o número normalizado |
XX5070029 |
| 9 (RLIN) |
235885 |
| 245 10 - MENCIÓN DEL TÍTULO |
| Título |
Gilead / |
| Mención de responsabilidad, etc. |
Marilynne Robinson ; traducción de Montserrat Gurguí y Hernan Sabaté. |
| 250 ## - MENCION DE EDICION |
| Mención de edición |
4ª ed. |
| 260 ## - PUBLICACIÓN, DISTRIBUCIÓN, ETC. |
| Lugar de publicación, distribución, etc. |
Barcelona : |
| Nombre del editor, distribuidor, etc. |
Galaxia Gutenberg : |
| -- |
Círculo de Lectores, |
| Fecha de publicación, distribución, etc. |
2016. |
| 300 ## - DESCRIPCIÓN FÍSICA |
| Extensión |
267 p. ; |
| Dimensiones |
21 cm |
| 336 ## - TIPO DE CONTENIDO |
| Fuente |
rdacontent |
| Término de tipo de contenido |
texto |
| 337 ## - TIPO DE MEDIO |
| Fuente |
rdamedia |
| Nombre/término del tipo de medio |
sin mediación |
| 338 ## - TIPO DE SOPORTE |
| Fuente |
rdacarrier |
| Nombre/término del tipo de soporte |
volumen |
| 500 ## - NOTA GENERAL |
| Nota general |
Traducción de: Gilead |
| 520 ## - RESUMEN, ETC. |
| Sumario, etc. |
Gilead es un pequeño pueblo de Iowa, apenas un puñado de casas dispuestas a lo largo de unas pocas calles, tiendas, un elevador de grano, una torre del agua y la vieja estación del tren. Las generaciones se suceden en una vida en apariencia apacible que se organiza alrededor de las comunidades religiosas. A través de una extensa carta que el reverendo John Ames escribe a su hijo de siete años para que éste la lea una vez él haya muerto, Marilynne Robinson narra con mano maestra el orden y la nada aparentes de la comunidad. Pero en cualquier grupo humano, como en la consciencia de cualquier hombre, basta escarbar un poco para que afloren las limitaciones y las bajezas que los pueblan. Con una voz luminosa e inolvidable, John Ames abre su alma, elucubra acerca de la soledad, la guerra, la pérdida de la fe, la redención, los celos, para descubrirnos la condición humana y conseguir transmitir el milagro de la existencia. Porque Gilead es, en sí misma, una esplendorosa celebración de la vida, pero también un fiel retrato de la América profunda dominada por la religiosidad y por la ignorancia de todo lo que sucede unos kilómetros más allá. |
| 650 #7 - PUNTO DE ACCESO ADICIONAL DE MATERIA--TÉRMINO DE MATERIA |
| Término de materia o nombre geográfico como elemento de entrada |
Novela norteamericana |
| Subdivisión cronológica |
s. XX |
| 9 (RLIN) |
235886 |
| 655 #0 - TERMINO DE INDIZACIÓN--GENERO/FORMA |
| Datos o término principal de género/forma |
Novelas |
| 9 (RLIN) |
234319 |
| 700 0# - ENTRADA AGREGADA--NOMBRE PERSONAL |
| Nombre de persona |
Gurguí, Montserrat |
| 9 (RLIN) |
60976 |
| 700 1# - ENTRADA AGREGADA--NOMBRE PERSONAL |
| Nombre de persona |
Sabaté, Hernán |
| 9 (RLIN) |
101166 |
| 852 ## - LOCALIZACIÓN |
| Ubicación |
ES-MaACL |
| Ubicación en estantería |
Depósito J |
| Número de control de estantería |
N-9887 |
| Donativo/Legado |
Doanción: José Lázaro García |
| itemnumber |
201768 |
| Sublocalización o colección |
R.155115 |
| Marcas de propiedad |
"Lázaro 2017" |
| Encuadernación |
Encuadernación cartoné con sobrecubiertas |
| 903 ## - NOMBRE PERSONAL DE DONANTE |
| 9 |
234219 |
| a |
Lázaro García, José |
| e |
Donante |
| 942 ## - ELEMENTOS DE ENTRADA SECUNDARIOS (KOHA) |
| Suprimir en OPAC |
No |
| Tipo de ítem Koha |
Libro impreso |